Programa de cambios estructurales. Tomo I

Guardat en:
Dades bibliogràfiques
Autor corporatiu: Costa Rica. Ministerio de Hacienda
Format: Text
Publicat: San José: Ministerio de Hacienda
Etiquetes: Afegir etiqueta
Sense etiquetes, Sigues el primer a etiquetar aquest registre!

MARC

LEADER 00000 a a2200000 04500
001 14611
003
040
090 |a 021501  
110 |a Costa Rica. Ministerio de Hacienda  
245 |a Programa de cambios estructurales. Tomo I  
260 |a San José:   |b Ministerio de Hacienda  
300 |a 76 p.  
999 |c 3011  |d 3011